MODERN CONTROL ENGINEERING / (Record no. 32253)

000 -LEADER
fixed length control field 00545nam a22002177a 4500
003 - CONTROL NUMBER IDENTIFIER
control field Nust
005 - DATE AND TIME OF LATEST TRANSACTION
control field 20210811154846.0
008 - FIXED-LENGTH DATA ELEMENTS--GENERAL INFORMATION
fixed length control field 170123b xxu||||| |||| 00| 0 eng d
020 ## - INTERNATIONAL STANDARD BOOK NUMBER
International Standard Book Number 9788120320451
038 ## - RECORD CONTENT LICENSOR
Staff Name khadija
040 ## - CATALOGING SOURCE
Transcribing agency c
082 ## - DEWEY DECIMAL CLASSIFICATION NUMBER
Classification number 629.83
Author Mark OGA
100 ## - MAIN ENTRY--PERSONAL NAME
Personal name Ogata, Katsuhiko
9 (RLIN) 18913
245 ## - TITLE STATEMENT
Title MODERN CONTROL ENGINEERING /
Statement of responsibility, etc. Katsuhiko, Ogata
250 ## - EDITION STATEMENT
Edition statement 4rth ed.
260 ## - PUBLICATION, DISTRIBUTION, ETC.
Place of publication, distribution, etc. New Delhi :
Name of publisher, distributor, etc. Prentice Hall,
Date of publication, distribution, etc. 2007.
300 ## - PHYSICAL DESCRIPTION
Extent 976 p. ;
Dimensions 24 cm.
500 ## - GENERAL NOTE
General note paperback.
563 ## - BINDING INFORMATION
Binding note paper back
942 ## - ADDED ENTRY ELEMENTS (KOHA)
Koha item type Book
Source of classification or shelving scheme
Holdings
Withdrawn status Lost status Source of classification or shelving scheme Damaged status Not for loan Permanent Location Current Location Shelving location Date acquired Full call number Barcode Date last seen Price effective from Koha item type Public note
          School of Mechanical & Manufacturing Engineering (SMME) School of Mechanical & Manufacturing Engineering (SMME) Reference 07/31/2015 629.83 OGA SMME-786 03/15/2018 07/31/2015 Book Rack,12-Shelf,1
© 2023 Central Library, National University of Sciences and Technology. All Rights Reserved.